000 00888nam a2200217 a 4500
008 100927s1993 ||||||||||||||||| || u
050 _aCOMM(02)
100 _aMarchbanks, Douglas
245 1 0 _aPost-graduate courses, research grants and staff development: a guide to opportunities for Commonwealth university personnel
_cby Douglas Marchbanks, Kenneth King and Alison Girdwood
260 _aLondon:
_bCommonwealth Secretariat
_c1993
300 _avii, 219p.: ill.
350 _a0.00
490 _aCHESS
650 0 _aCAREER DEVELOPMENT
650 _aCOMMONWEALTH
650 _aEMPLOYEES--TRAINING OF--CONGRESSES
700 _aKing, Kenneth
700 _aGirdwood, Alison
710 _aCommonwealth Secretariat
995 _D0.00
_FCBU-MAIN LIBRARY (Kitwe)
_H1
_I0.00
_M1
_UAVAILABLE
_WSep 27, 2010
_ZInternational Publications
999 _c54064
_d54064